| 000 | 00552nam a22001577a 4500 | ||
|---|---|---|---|
| 003 | NUST | ||
| 082 | _a621 | ||
| 100 |
_aSubhan, Muhammad Moiz _9122183 |
||
| 245 |
_aExperimenation and Analysis of Tube Spinning using High alloy Steel / _c Muhammad Moiz Subhan |
||
| 264 |
_aIslamabad: _bSMME- NUST. _c2020. |
||
| 300 |
_a45p. ; _bSoft Copy , _c30cm. |
||
| 650 |
_aMS Mechanical Engineering _9119495 |
||
| 700 | _aSupervisor : Dr Syed Hussain Imran Jaffery | ||
| 856 | _u http://10.250.8.41:8080/xmlui/handle/123456789/35496 | ||
| 942 |
_2ddc _cTHE |
||
| 999 |
_c608729 _d608729 |
||